Grenade - Choix Multiples - Statistiques

Statistiques générales
  • Ce quiz a été pris 2 402 fois
    2 367 depuis la dernière actualisation
  • Le résultat moyen est 6 sur 10
Statistiques - réponses
Question Réponse % Correct
À quelle période historique de la péninsule ibérique la prise de Grenade en 1492 a-t-elle mis fin ? Reconquista
92%
Qu'est-ce qui ne porte pas le nom de "Grenade" ? Un minéral
89%
Dans quelle communauté autonome espagnole Grenade se situe-t-elle ? Andalousie
85%
Comment se nomme le château fort très touristique qui surplombe la ville ? Alhambra
68%
Quels souverains catholiques, dont les tombeaux reposent dans la chapelle royale de Grenade, sont connus comme les fondateurs de la nation espagnole unifiée ? Isabelle et Ferdinand
60%
Quel film avec Louis de Funès a été tourné à Grenade en 1971 ? La Folie des grandeurs
53%
Dans quel massif du sud de l'Espagne Grenade se situe-t-elle ? Sierra Nevada
53%
Quelle population marginalisée s’est historiquement installée dans des habitations troglodytes dans les collines de Grenade ? Les Gitans
44%
Quel membre de la famille du dernier émir de Grenade lui aurait dit lors de sa chute:
« Pleurer comme une femme ce que tu n'as pas su défendre comme un homme »
Sa mère
39%
Laquelle de ces photographies n'a PAS été prise à Grenade ?
25%
Aucun quiz correspondant
Distribution des résultats
% des personnes avec chaque résultat
Percentile par nombre de réponses
Votre historique - résultats
Vous n’avez pas pris ce quiz depuis la dernière actualisation